Państwa NATO - nagła śmierć - Statystyki

Ogólne statystyki
  • Ten quiz został rozwiązany 58 674 razy
  • Średni wynik to 15 z 32
Answers on the Grid
Answers color-coded by a green-red scale on the quiz's grid according to % correct below.
Albania
Andora
Białoruś
Belgia
Bułgaria
Chorwacja
Czarnogóra
Czechy
Dania
Estonia
Finlandia
Francja
Grecja
Hiszpania
Holandia
Islandia
Izrael
Kanada
Łotwa
Liechtenstein
Litwa
Luksemburg
Macedonia Północna
Meksyk
Mołdawia
Monako
Niemcy
Norwegia
Polska
Portugalia
Rumunia
Rosja
San Marino
Serbia
Słowacja
Słowenia
Szwecja
Szwajcaria
Tajwan
Turcja
Ukraina
USA
Węgry
Wielka Brytania
Włochy
 
Statystyki odpowiedzi
Odpowiedź % Poprawnych
Francja
64%
Hiszpania
63%
Belgia
62%
Czechy
61%
Dania
61%
Holandia
60%
Finlandia
58%
Polska
57%
Chorwacja
55%
Grecja
55%
USA
55%
Estonia
53%
Niemcy
53%
Litwa
52%
Włochy
51%
Wielka Brytania
48%
Łotwa
47%
Kanada
46%
Portugalia
45%
Albania
43%
Bułgaria
42%
Szwecja
42%
Węgry
41%
Słowacja
40%
Islandia
38%
Norwegia
37%
Rumunia
37%
Słowenia
36%
Turcja
35%
Luksemburg
34%
Czarnogóra
25%
Macedonia Północna
18%
Nie znaleziono quizów pasujących do podanych kryteriów
Rozkład punktacji
Procent ludzi z każdym wynikiem
Percentyl według liczby udzielonych odpowiedzi
Twoja historia wyników
Nie rozwiązałeś tego quizu